000 00504cam a2200205ua 4500
001 39
008 171012n ii |||gr||||Z||||||eng
040 _cMAIN
041 _aeng
082 _a004
100 _aArora, Sumita.,
245 _aComputer Science with C ++
_cBy Sumita Arora.
250 _a5th.
260 _aDelhi.:
_bDhanpat Rai & Co.,
_c2007.
300 _axix, xx, 808 p.:
_bill.;
_c22 cm.
653 _aComputer Science.
653 _aComputer C ++
700 1 _aArora, Sumita.,
942 _cBK
999 _c32
_d32